Word Ladder: Melodic Meal Quiz Stats

 Plays Quiz Updated Jan 27, 2018

Challenge
Share
Tweet
Embed
Score 0/33 Timer 03:00
1 Play Today
Clue 4-Letter Word % Correct
Trout or tuna, e.g.❇FISH❇
99.4%
Weaponized closed handFIST
98.2%
Place where fingers are❇HAND❇
97.1%
Santa makes a 'naughty or nice' oneLIST
96.7%
Return a plane to the runwayLAND
94.3%
UK term for a French fry❇CHIP❇
93.5%
Large boatSHIP
93.2%
Clue to help you guessHINT
92.8%
Chimney residueSOOT
92.2%
Body part or US unit of measurementFOOT
91.2%
Spoke wordsSAID
91%
Small glass of liquor or gunfireSHOT
91%
Bane of belly buttonsLINT
90.9%
Short audio or video segmentCLIP
90.6%
Health, fast, or junk, e.g.FOOD
90.6%
Garment worn under a dressSLIP
90.5%
Beach or desert covering❇SAND❇
90.4%
Clue 4-Letter Word % Correct
Small specialty storeSHOP
90.2%
With 'back', it means relaxedLAID
90.2%
Located at the back endHIND
89.7%
Moved smoothly across a surfaceSLID
88.4%
Rational, not crazySANE
87.9%
Where grapes grow❇VINE❇
87.7%
Where there's smoke, there's thisFIRE
86.3%
Can precede 'arts', 'dining', or 'wine'FINE
85.4%
A weather one often depicts a roosterVANE
85%
Payment for transportationFARE
82.3%
Not clothed or uncoveredBARE
81.1%
Affectionate or lovingFOND
80.5%
Broadway song '____ in the Clowns'SEND
80.3%
Look after, provide for oneselfFEND
75.8%
Comedian Roseanne's last nameBARR
73.5%
'Tootsie' actress Teri❇GARR❇
55.5%

Today's Daily Dose

Word Ladder
Anchorman

Get the Picture
'Head' Bands

You're not logged in!

Compare scores with friends on all Sporcle quizzes.
OR
Log In

You Might Also Like...

Show Comments

Extras

Top Quizzes Today


Score Distribution

Your Account Isn't Verified!

In order to create a playlist on Sporcle, you need to verify the email address you used during registration. Go to your Sporcle Settings to finish the process.

Report this User

Report this user for behavior that violates our Community Guidelines.

Details: